| 000 | 00808nam a2200193 4500 | ||
|---|---|---|---|
| 001 | 118663 | ||
| 003 | ES-MaACL | ||
| 005 | 20260127062543.0 | ||
| 007 | t| | ||
| 008 | 070214s1958 sp r ||||1| spa d | ||
| 100 | 1 |
_aPérez Botija, Eugenio. _990674 |
|
| 245 | 1 | 3 |
_aEl Estado de Derecho y el Derecho del Trabajo _b: discurso leído el día 4 de junio de 1958 en su recepción pública / _cpor el Excmo. Sr. D. Eugenio Pérez Botija ; y contestación del Excmo. Sr. D. José Gascón y Marín. |
| 260 |
_aMadrid : _bReal Academia de Jurisprudencia y Legislación, _c1958. |
||
| 300 |
_a104 p. ; _c24 cm. |
||
| 700 | 1 |
_aGascón y Martín, José. _955867 |
|
| 700 |
_aReal Academia de Jurisprudencia y Legislación de España _9217612 |
||
| 852 |
_aES-MaACL _j2009-F-19 _bR.43846 |
||
| 999 |
_c118663 _d118663 |
||